[Event "CRO-ch U15"]
[Site "Trogir"]
[Date "2023.06.24"]
[Round "6"]
[White "Babler, Jan"]
[Black "Salkovic, Matej1111"]
[Result "1/2-1/2"]
[WhiteElo "1694"]
[BlackElo "1712"]
[PlyCount "35"]
[EventDate "2023.06.21"]
[EventType "swiss"]
[EventRounds "9"]
[EventCountry "CRO"]
[SourceTitle "EXT 2024"]
[Source "ChessBase"]
[SourceDate "2023.10.10"]
[SourceVersion "1"]
[SourceVersionDate "2023.10.10"]
[SourceQuality "1"]

1. e4 c6 2. d4 d5 3. Nc3 dxe4 4. Nxe4 Bf5 5. Ng3 Bg6 6. Nf3 Nf6 7. c3 e6 8. Bc4 c5 9. Ne5 cxd4 10. Qa4+ Nfd7 11. h4 Bc2 12. Qxc2 Nxe5 13. Bb5+ Nbc6 14. Bf4 Bd6 15. Bxe5 Bxe5 16. Bxc6+ bxc6 17. cxd4 Qa5+ 18. Qc3 1/2-1/2

[Event "CRO-ch U13"]
[Site "Trogir"]
[Date "2021.06.20"]
[Round "3"]
[White "Babler, Jan"]
[Black "Delibasic, Dominik"]
[Result "1/2-1/2"]
[WhiteElo "1660"]
[BlackElo "1454"]
[PlyCount "57"]
[EventDate "2021.06.18"]
[EventType "swiss"]
[EventRounds "9"]
[EventCountry "CRO"]
[SourceTitle "EXT 2022"]
[Source "ChessBase"]
[SourceDate "2021.10.06"]
[SourceVersion "1"]
[SourceVersionDate "2021.10.06"]
[SourceQuality "1"]

1. e4 c5 2. Nf3 d6 3. d4 cxd4 4. Nxd4 Nf6 5. Nc3 g6 6. Be3 Ng4 7. Bb5+ Nc6 8. Nxc6 bxc6 9. Bxc6+ Bd7 10. Bxa8 Nxe3 11. fxe3 Qxa8 12. 0-0 Bg7 13. Nd5 Qd8 14. c3 0-0 15. Qc2 e6 16. Nf4 Qb6 17. Qd2 Bc6 18. Qxd6 Qxe3+ 19. Kh1 Qxe4 20. Rae1 Qc4 21. Nd3 Qa6 22. Qg3 Bb5 23. Nb4 Qb6 24. Rf2 a5 25. Nc2 Rd8 26. Qf4 f5 27. Qe3 Qxe3 28. Rxe3 e5 29. h3 1/2-1/2

[Event "CRO-ch U13"]
[Site "Trogir"]
[Date "2020.08.28"]
[Round "7"]
[White "Colev, Ivor"]
[Black "Babler, Jan"]
[Result "1-0"]
[WhiteElo "1795"]
[BlackElo "1532"]
[PlyCount "85"]
[EventDate "2020.08.24"]
[EventType "swiss"]
[EventRounds "9"]
[EventCountry "CRO"]
[SourceTitle "CBM 198 Extra"]
[Source "ChessBase"]
[SourceDate "2020.11.30"]
[SourceVersion "1"]
[SourceVersionDate "2020.11.30"]
[SourceQuality "1"]

1. e4 e5 2. Nf3 Nc6 3. Bb5 a6 4. Ba4 d6 5. d4 exd4 6. Nxd4 Bd7 7. Nc3 g6 8. 0-0 Bg7 9. Bxc6 bxc6 10. Be3 Ne7 11. Qd2 0-0 12. Bh6 f5 13. Bxg7 Kxg7 14. Nde2 Ng8 15. Rad1 Re8 16. exf5 Bxf5 17. Ng3 Qf6 18. Rfe1 Rab8 19. b3 d5 20. Nce2 Kf7 21. Nxf5 Qxf5 22. Nd4 Qf6 23. Rxe8 Rxe8 24. Qa5 Re4 25. Qxc7+ Ne7 26. Qb6 Qe5 27. Nf3 Qf5 28. Qxa6 g5 29. Qd3 g4 30. Nd2 h5 31. Nxe4 dxe4 32. Qc4+ Kg7 33. Re1 Nd5 34. Qxe4 Qc8 35. Qe5+ Nf6 36. Qe7+ Kg6 37. Re6 Qh8 38. a4 h4 39. a5 g3 40. Qxf6+ Qxf6 41. Rxf6+ Kxf6 42. a6 gxh2+ 43. Kxh2 1-0

[Event "CRO-chT U18"]
[Site "Cakovec"]
[Date "2019.12.30"]
[Round "7.4"]
[White "Ujevic, Ivan"]
[Black "Babler, Jan"]
[Result "1/2-1/2"]
[WhiteElo "1244"]
[BlackElo "1534"]
[PlyCount "60"]
[EventDate "2019.12.27"]
[EventType "team-tourn"]
[EventRounds "7"]
[EventCountry "CRO"]
[SourceTitle "CBM 194 Extra"]
[Source "ChessBase"]
[SourceDate "2020.03.31"]
[SourceVersion "1"]
[SourceVersionDate "2020.03.31"]
[SourceQuality "1"]

1. e4 e5 2. Nf3 Nc6 3. Bc4 Nf6 4. d3 Be7 5. c3 0-0 6. Nbd2 d6 7. Nf1 Be6 8. Bb3 h6 9. Ng3 d5 10. exd5 Bxd5 11. Bc2 Re8 12. 0-0 Bc5 13. Be3 Bb6 14. Re1 Qd7 15. Nh4 Ng4 16. Bxb6 axb6 17. Nhf5 Nf6 18. Qd2 Rad8 19. Rad1 Be6 20. Ne3 Ng4 21. Re2 Nxe3 22. fxe3 Bg4 23. Rf1 Bxe2 24. Qxe2 b5 25. Bb3 Rf8 26. d4 exd4 27. exd4 Na5 28. Bc2 Rfe8 29. Qd3 g6 30. Nh5 Qe6 1/2-1/2

[Event "CRO-chT U18"]
[Site "Cakovec"]
[Date "2019.12.27"]
[Round "2.4"]
[White "Rukavina, David"]
[Black "Babler, Jan"]
[Result "0-1"]
[WhiteElo "1374"]
[BlackElo "1534"]
[PlyCount "26"]
[EventDate "2019.12.27"]
[EventType "team-tourn"]
[EventRounds "7"]
[EventCountry "CRO"]
[SourceTitle "CBM 194 Extra"]
[Source "ChessBase"]
[SourceDate "2020.03.31"]
[SourceVersion "1"]
[SourceVersionDate "2020.03.31"]
[SourceQuality "1"]

1. e4 e5 2. Nc3 Nf6 3. f4 d6 4. Nf3 Nc6 5. Bb5 Bg4 6. h3 Bxf3 7. Qxf3 a6 8. Ba4 b5 9. Bb3 Nd4 10. Qf2 a5 11. fxe5 dxe5 12. Nd5 Nxe4 13. Qf1 Qh4+ 0-1